000 01059nam a2200277Ia 4500
003 OSt
005 20221005104816.0
006 a|||||r|||| 00| 0
007 ta
008 221004b |||||||| |||| 00| 0 san d
020 _a9788188808008 (hbk)
_cINR 895.00
024 _a66074
037 _b342, 04/03/2020, Shivalik Prakashan
_cTextual
040 _aCRL
_cCRL
_bsan
041 _2san
_asan
082 _aV2:72, 152Q9
100 _aराजपुरोहित, भगवती लाल, ले.
_9623835
245 0 _aभारतीय अभिलेख और इतिहास
246 _aBhāratīya abhilekh aur itihāsa
260 _aदिल्ली
_bशिवालिक प्रकाशन भारत
_c2019
300 _a236पृ0
_ccm.
650 _a अभिलेख
650 _aभारत-इतिहास
_9156353
942 _hV2:72, 152Q9
_cTEXL
_2cc
999 _c1013861
_d1013861